100 U.S. Car Models - Click the Manufacturer - Statistics

General Stats
  • This quiz has been taken 117 times
  • The average score is 55 of 100
Answer Stats
Hint Answer % Correct
Civic Honda
79%
Mustang Ford
75%
F-150 Ford
73%
Explorer Ford
73%
Escape Ford
73%
Grand Cherokee Jeep
73%
Cherokee Jeep
73%
Camry Toyota
73%
Charger Dodge
71%
Durango Dodge
71%
CR-V Honda
71%
Grand Cherokee L Jeep
71%
Soul Kia
71%
Tacoma Toyota
71%
Corolla Toyota
71%
Silverado 1500 Chevrolet
69%
Ranger Ford
69%
Wrangler Unlimited Jeep
69%
RAV4 Toyota
69%
RAV4 Hybrid Toyota
69%
Camaro Chevrolet
67%
Accord Honda
67%
Jetta Volkswagen
67%
Tahoe Chevrolet
65%
Colorado Chevrolet
65%
Challenger Dodge
65%
Bronco Sport Ford
65%
Bronco Ford
65%
Pilot Honda
65%
Elantra Hyundai
65%
4Runner Toyota
65%
Malibu Chevrolet
63%
HR-V Honda
63%
Odyssey Honda
63%
Sonata Hyundai
63%
C-Class Mercedes-Benz
63%
Edge Ford
60%
Expedition Ford
60%
Expedition MAX Ford
60%
Fusion Ford
60%
Sportage Kia
60%
Altima Nissan
60%
Rogue Sport Nissan
60%
Outback Subaru
60%
Forester Subaru
60%
Model Y Tesla
60%
X3 BMW
58%
Equinox Chevrolet
58%
Blazer Chevrolet
58%
Santa Fe Hyundai
58%
Pathfinder Nissan
58%
Tundra Toyota
58%
Traverse Chevrolet
56%
Trailblazer Chevrolet
56%
Suburban Chevrolet
56%
Kona Hyundai
56%
Sorento Kia
56%
Rogue Nissan
56%
Sentra Nissan
56%
Crosstrek Subaru
56%
Tucson Hyundai
54%
Model 3 Tesla
54%
Highlander Toyota
54%
Tiguan Volkswagen
54%
3 Series BMW
52%
X5 BMW
52%
Forte Kia
52%
Yukon GMC
50%
CX-5 Mazda
50%
Q5 Audi
48%
Pacifica Chrysler
48%
CX-30 Mazda
48%
Sierra 1500 GMC
46%
Versa Nissan
46%
MDX Acura
44%
RDX Acura
44%
Trax Chevrolet
44%
Palisade Hyundai
44%
Compass Jeep
44%
Renegade Jeep
44%
K5 Kia
44%
Frontier Nissan
44%
Kicks Nissan
44%
Enclave Buick
42%
Acadia GMC
40%
Murano Nissan
40%
Passport Honda
38%
Telluride Kia
38%
Gladiator Jeep
35%
Atlas Volkswagen
35%
Encore GX Buick
33%
Terrain GMC
33%
GLC Mercedes-Benz
33%
GLE Mercedes-Benz
33%
Envision Buick
31%
1500 Ram
29%
XT5 Cadillac
27%
RX 350 Lexus
27%
1500 Classic Ram
23%
Ascent Subaru
17%
No matching quizzes found
Score Distribution
Percent of People with Each Score
Percentile by Number Answered
Your Score History
You have not taken this quiz